| 000 | 00439cam a2200169ua 4500 | ||
|---|---|---|---|
| 003 | OSt | ||
| 008 | 250306b |||||||| |||| 00| 0 eng d | ||
| 041 | _aeng | ||
| 082 |
_a621.67 _bLOB/CE |
||
| 100 |
_aLohanoff, Val S . _97286 |
||
| 245 | _aCentrifugal pumps: design and application / | ||
| 250 | _a2 / | ||
| 260 |
_aMumbai : _bJaico Publishing House , _c1995. |
||
| 300 | _a577 ; . | ||
| 700 | 1 |
_aRoss, Robert R . _97287 |
|
| 942 | _cBK | ||
| 999 |
_c9259 _d9259 |
||